| 000 | 01042cam a22002772 4500 | ||
|---|---|---|---|
| 001 | 0000025413 | ||
| 005 | 20151217154535.0 | ||
| 008 | 150910s xx 000 0 eng d | ||
| 020 | _a9966031297 : | ||
| 040 |
_aKABU _cKabu |
||
| 100 | 1 |
_aFimbo, Gamaliel Mgongo. _@0000186005 |
|
| 245 | 1 | 4 |
_aThe land law of Tanzania : _ba casebook / _cby Gamaliel Mgongo Fimbo. |
| 260 |
_aDar-es-Salaam : _bLaw Africa, _c2013. |
||
| 300 | _axxvi, 621 p. | ||
| 650 | 0 |
_aLand tenure _xLaw and legislation _zTanzania. _@0000150956 |
|
| 908 | _a150910 | ||
| 950 | _@1 | ||
| 999 |
_c11693 _d11693 |
||